000 006320000a22001810004500
003 MACL
005 20160406105025.0
008 160406b xxu||||| |||| 00| 0 eng d
040 _aMACL
_cMACL
041 _aHindi
082 _a340
100 _aसिन्‍हा जे. बी
_948524
245 _aबाबा साहब अम्‍बेडकर सामाजिक न्‍याय एवं दलितोत्‍थान की योजनाऍ
260 _bशांति प्रकाशन
_c2004
_aइलाहाबाद
350 _a160
650 _aLaw
_950701
942 _cHIN
_k340
_2ddc
999 _c10549
_d10549